000 00700nam a2200241 i 4500
001 C2-0135532
003 PPAK
005 20180727124026.0
008 971203s1994 enka|||| ||||| | eng d
020 _a0582236800
040 _aPPAK
_beng
_cPPAK
_erda
082 0 4 _a658.382
_223
090 0 0 _a658.382
_bKOC
_dR
100 1 _aKoch, Hugh C.H.,
_eauthor
245 1 0 _aTowards total quality in mental health services
264 1 _aHarlow, Essex :
_bLongman ,
_c1994
300 _avi, 115 pages :
_billustrations ;
_c30 cm
336 _2rdacontent
_atext
337 _2rdamedia
_aunmediated
338 _2rdacarrier
_avolume
650 1 0 _aMental health services - Quality control
942 _ddc
_cB
999 _c42696
_d42696